Statistics for Top 50 Happiest Countries

Click here to take the quiz!

General Stats

  • This quiz has been taken 163 times
  • The average score is 36 of 50

Answer Stats

ScoreCountry% Correct
7.392Norway
98%
6.951United Kingdom
97%
6.602United States
97%
7.842Finland
96%
7.363Sweden
96%
7.103Canada
94%
7.560Denmark
93%
7.646Iceland
93%
6.834Spain
92%
6.647France
91%
7.183Australia
90%
7.157Germany
90%
6.461Italy
88%
7.504Netherlands
88%
7.064Belgium
87%
7.155Ireland
87%
7.277New Zealand
86%
6.172Argentina
83%
6.378Brazil
83%
7.268Luxembourg
83%
6.078Portugal
83%
7.324Austria
81%
6.180Estonia
81%
7.464Switzerland
81%
6.331Lithuania
79%
6.049Latvia
78%
6.309Mexico
78%
6.324Chile
77%
6.995Czech Republic
73%
6.431Singapore
70%
7.069Israel
69%
6.152Peru
69%
6.435Slovenia
68%
6.494United Arab Emirates
67%
6.483Uruguay
66%
6.330Slovakia
64%
6.690Malta
62%
6.166Romania
60%
6.561Taiwan
60%
7.085Costa Rica
57%
6.189Panama
56%
6.491Saudi Arabia
54%
6.255Cyprus
52%
6.106Kuwait
47%
6.584Bahrain
46%
6.223Jamaica
41%
6.114Guatemala
34%
6.061El Salvador
30%
6.057Mauritius
24%
6.179Kazakhstan
17%

Score Distribution

Percentile by Number Answered

Percent of People with Each Score

Your Score History

You have not taken this quiz